| 000 | 00516nam a22001817a 4500 | ||
|---|---|---|---|
| 005 | 20150825112131.0 | ||
| 010 | _aENG-113545 | ||
| 020 |
_c350.00 _a9789350098448 |
||
| 035 | _aEN- 97077 | ||
| 037 | _bDBAD/PUB | ||
| 082 | _aN | ||
| 100 | _aCoelho, Venita | ||
| 245 |
_aDead as a dodo / _cby Venita Coelho |
||
| 260 |
_aGurgaon _bHachette Book Publishing _c2015 |
||
| 270 |
_a4th & 5th Floors, Corporate Center, Plot No. 94, Sector 44 _bGurgaon _e122003 |
||
| 300 |
_a222p. _c21cm(pbk) |
||
| 942 |
_2ddc _cEN _mCOE _hN |
||
| 999 |
_c95071 _d95071 |
||